Tytuł filmu po aktorach - Statystyki

Ogólne statystyki
  • Ten quiz został rozwiązany 230 razy
  • Średni wynik to 11 z 22
Statystyki odpowiedzi
Podpowiedź Osoba % Poprawnych
Daniel Radcliffe, Rupert Grint, Emma Watson, Alan Rickman, Ralph Fiennes Harry Potter
95%
Johnny Depp, Orlando Bloom, Keira Knightley, Geoffrey Rush Piraci z Karaibów
82%
Marlon Brando, Al Pacino, James Caan Ojciec chrzestny
77%
Maciej Stuhr, Roma Gąsiorowska, Tomasz Karolak, Agnieszka Dygant, Piotr Adamczyk Listy do M
68%
Tom Hanks, Robin Wright, Sally Field, Gary Sinise Forrest Gump
63%
Robert Downey Jr.,Chris Hemsworth, Mark Ruffalo, Scarlett Johansson, Chris Evans, Benedict Cumberbatch Avengers
62%
Marek Kondrat, Andrzej Grabowski, Michał Koterski Dzień świra
61%
Jean Reno, Gary Oldman, Natalie Portman Leon zawodowiec
60%
Cezary Pazura, Małgorzata Kożuchowska, Jerzy Stuhr, Katarzyna Figura Kiler
59%
Elijah Wood, Sean Astin, Billy Boyd, Dominic Monaghan, Viggo Mortensen, Orlando Bloom Władca PIerścieni
56%
Mark Hamill, Harrison Ford, Carrie Fisher, Ewan McGregor, Hayden Christensen, Natalie Portman, Samuel L. Jackson, Adam Driver Gwiezdne wojny
55%
Tom Cruise, Val Kilmer, Tom Skerritt, Kelly McGillis Top Gun
54%
Joaquin Phoenix, Robert De Niro, Zazie Beetz Joker
53%
Leonardo DiCaprio, Joseph Gordon-Levitt, Elliot Page, Cillian Murphy, Marion Cotillard Incepcja
45%
Timothée Chalamet, Rebecca Ferguson, Oscar Isaac, Jason Momoa, Stellan Skarsgård, Zendaya Diuna
39%
Meryl Streep, Pierce Brosnan, Colin Firth, Stellan Skarsgård, Amanda Seyfried Mamma Mia
39%
Tim Robbins, Morgan Freeman, Bob Gunton Skazani na Shawshank
36%
François Cluzet, Omar Sy Nietykalni
28%
Matthew McConaughey, Anne Hathaway, Jessica Chastain, Michael Caine Interstellar
27%
Ellen Burstyn, Jared Leto, Jennifer Connelly Requiem dla Snu
20%
Ralph Fiennes, Tony Revolori, Adrien Brody, Willem Dafoe, Edward Norton, Saoirse Ronan, Jude Law Grand Budapest Hotel
11%
Edward Norton, Jessica Biel, Paul Giamatti, Rufus Sewell Iluzjonista
5%
Nie znaleziono quizów pasujących do podanych kryteriów
Rozkład punktacji
Procent ludzi z każdym wynikiem
Percentyl według liczby udzielonych odpowiedzi
Twoja historia wyników
Nie rozwiązałeś tego quizu